Prostorová ekonomie a prostorové externality: přehled teorie a empirické evidence
Základné zmapovanie a kritické zhodnotenie moderných prístupov priestorovej ekonomiky. Teoretické koncepty priestorových externalít, metódy empirického overovania ich významu. Nová ekonomická geografia a s ňou súvisiace peňažné externality.
Gespeichert in:
| 1. Verfasser: | |
|---|---|
| Format: | Buchkapitel |
| Sprache: | Tschechisch |
| Schlagworte: | |
| Tags: |
Keine Tags, Fügen Sie das erste Tag hinzu!
|
MARC
| LEADER | 00000naa$a2200000$$$4500 | ||
|---|---|---|---|
| 001 | 0085516 | ||
| 005 | 20231019131508.1 | ||
| 041 | 0 | |a cze | |
| 044 | |a CZ | ||
| 245 | 1 | 0 | |a Prostorová ekonomie a prostorové externality: přehled teorie a empirické evidence |c Bořek Vašíček |
| 520 | |a Základné zmapovanie a kritické zhodnotenie moderných prístupov priestorovej ekonomiky. Teoretické koncepty priestorových externalít, metódy empirického overovania ich významu. Nová ekonomická geografia a s ňou súvisiace peňažné externality. | ||
| 610 | 2 | 0 | |a externality |
| 610 | 2 | 0 | |a ekonomika priestorová |
| 610 | 2 | 0 | |a geografia hospodárska |
| 610 | 2 | 0 | |a sektor verejný |
| 610 | 2 | 0 | |a kapitál ľudský |
| 100 | 1 | |a Vašíček, Bořek | |